| 000 | 01070nam a2200229Ia 4500 | ||
|---|---|---|---|
| 001 | 1235 | ||
| 003 | GE_BSU | ||
| 008 | 181216s||||||||xx |||||||||||||| ||und|| | ||
| 040 | _cGE_BSU | ||
| 080 | _a581.2 | ||
| 100 | _aდავითაძე მურამან,შაინიძე ოთარ. | ||
| 245 | _aმცენარეთა უმთავრესი დაავადებების კვლევის მეთოდები. | ||
| 245 | _bმეთოდური მითითებები სასწავლო-საველე პრაქტიკისათვის. | ||
| 260 | _aბათუმი. | ||
| 260 | _bუნივერსიტეტის გამომცემლობა. | ||
| 260 | _c1999. | ||
| 300 | _a17გვ.20სმ. | ||
| 541 | _h1 ლ. | ||
| 653 | _aმცენარეთა დაავადებები. | ||
| 653 | _aმცენარეთა უმთავრესი დაავადებების კვლევის მეთოდები. | ||
| 942 | _cBK | ||
| 999 |
_c35382 _d35382 |
||